01291 a2200181 4500001000500000005001700005008004100022003001500063040004000078080009200118245008400210020002200294264003400316300001900350505056300369100002900932856014800961306820260407155424.0260407a2011 arg spa dAR-UNSa-BCEJYS aAR-UNSa-BCEJYSbspacAR-UNSa-BCEJYS a336.226.111xImpuestos sobre ingresos totales (Ingresos brutos - Convenio Multilateral)10aConvenio multilateral, Impuestos internos, MonotributopExplicados y comentados a978-987-01-1144-3 1aBuenos Aires :bErreparc2011 a124 p.c27 cm. aCONVENIO MULTILATERAL: 1. Introducción - 2. Ámbito de aplicación del convenio multilateral - 3. Régimen general - 4. Regímenes especiales - 5. Iniciación y cese de actividades - 6. Organismos de aplicación - IMPUESTOS INTERNOS: 1. Aspetos generales - 2. Hecho imponible - 3. Exenciones - 4. Liquidación de Impuestos - 5. Pago del Impuesto - 6. Alícuotas - MONOTRIBUTO: 1. Antecedentes - 2. Características generales - 3. Liquidación de gravamen - 4. Abandono del régimen simplificado - 5. Interrelación con otras normas impositiva 1 aCeldeiro, Ernesto Carlos41uhttps://biblioeco.unsa.edu.ar/pmb/images/libros/Convenio Multilateral Impuestos Internos Monotributo-l118114.jpgyImagen de portadaqimage/jpeg